| 000 | 00474nam a22001337a 4500 | ||
|---|---|---|---|
| 008 | 230221b |||||||| |||| 00| 0 eng d | ||
| 040 |
_aNational Science Library _cNational Science Library |
||
| 080 |
_a624(082.2) _bP4 |
||
| 245 |
_aNational conference on applications of GIS and GPS in civil engineering 03 July 2004 _c/ Jaya Engineering College |
||
| 260 |
_aThirunnravur: _bJaya Engineering College, _c2004 |
||
| 300 | _a175p. | ||
| 650 | _aScience | ||
| 942 |
_2udc _cPR |
||
| 999 |
_c46984 _d46984 |
||